| 000 | 00912nas a2200277 4500 | ||
|---|---|---|---|
| 001 | BR2012008784 | ||
| 003 | BR-BrBNA | ||
| 005 | 20231205121454.0 | ||
| 007 | ta | ||
| 008 | 230509b bl.|||p| |||| 00| 00por d | ||
| 040 |
_aBR-BrBNA _bpor _cBiblioteca Nacional de Agricultura |
||
| 041 | _a(Pt) | ||
| 072 | _aF60 | ||
| 100 | 1 | _aAlcântara, J.M. | |
| 100 | 1 | _aYamaguchi, K.K. de L. | |
| 100 | 1 | _aSilva, J.R. de A. | |
| 100 | 1 | _aVeiga Junior, V.F. da | |
| 245 | 1 | _aComposição química e atividade biológica dos óleos essenciais das folhas e caules de Rhodostemonodaphne parvifolia Madriñán (Lauraceae) | |
| 650 | _aÓLEO ESSENCIAL | ||
| 650 | _aCOMPOSIÇÃO QUÍMICA | ||
| 650 | _aANTIOXIDANTE | ||
| 650 | _aLAURACEAE | ||
| 773 | 0 |
_tActa Amazônica (Brazil) _xISSN 0044-5967 _g(Sep 2010), v. 40(3) p. 567-572 _wBR2012008784 |
|
| 909 |
_a202311 _bLúcia _c55 _dLúcia Elande |
||
| 942 |
_2AGRIS _n0 _cANA |
||
| 999 |
_c223733 _d223733 |
||